Can you name all SKAM characters? - Statistics

General Stats
  • This quiz has been taken 176 times
  • The average score is 8 of 27
Answer Stats
Introduced Answer % Correct
Season 1 Noora Amalie Sætre
67%
Season 1 Isak Valtersen
65%
Season 1 Eva Kviig Mohn
60%
Season 1 William Magnusson
49%
Season 1 Sana Bakkoush
48%
Season 3 Even Bech Næsheim
45%
Season 1 Christina "Chris" Berg
40%
Season 1 Jonas Noah Vasquez
38%
Season 1 Elias
34%
Season 1 Christoffer "Penetrator Chris" Schistad
29%
Season 1 Vilde Hellerud Lien
29%
Season 4 Elias Bakkoush
25%
Season 4 Yousef Acar
24%
Season 3 Emma W. Larzen
23%
Season 3 Sonja
22%
Season 3 Mahdi Disi
21%
Season 3 Magnus Fossbakken
20%
Season 4 Adam Malik
16%
Season 2 Linn Larsen Hansen
16%
Season 4 Mikael Øverlie Boukhal
13%
Season 1 Iben
12%
Season 1 Ingrid Theis Gaupseth
12%
Season 4 Mutasim Tatouti
12%
Season 2 Eskild Tryggvason
11%
Season 2 Mari
11%
Season 1 Sara Nørstelien
9%
Season 2 Jamilla
6%
No matching quizzes found
Score Distribution
Percent of People with Each Score
Percentile by Number Answered
Your Score History
You have not taken this quiz